| 000 | 00956nam a22002775a 4500 | ||
|---|---|---|---|
| 005 | 20160201143102.0 | ||
| 008 | 150629s2012 nyua frb 001 0 eng d | ||
| 020 | _a9781259011115 | ||
| 020 | _a1259011119 | ||
| 040 |
_aEG-ScBUE _beng _dEG-ScBUE _cEG-ScBUE |
||
| 082 | 0 | 4 |
_222 _a615.7 _bSHA |
| 100 | 1 |
_aShargel, Leon, _939205 _d1941- |
|
| 245 | 1 | 0 |
_aApplied biopharmaceutics & pharmacokinetics / _cleon shargel, susanna wu-pong, andrew B.C. yu. |
| 246 | 3 | _aApplied biopharmaceutics and pharmacokinetics | |
| 250 | _a6th ed., International ed. | ||
| 260 |
_aNew York : _bMcGraw-Hill Medical, _c2012. |
||
| 300 |
_axviii, 811 p. : _bill. ; _c24 cm. |
||
| 500 | _aIndex : p. 773-811. | ||
| 504 | _aIncludes bibliographical references. | ||
| 650 | 7 |
_2BUEsh _932456 _aPharmacokinetics. |
|
| 650 | 7 |
_aBiopharmaceutics. _938906 _2BUEsh |
|
| 653 |
_bENGGEN _cJune2015 _cJanuary2016 |
||
| 700 | 1 | _aWu-pong, Susanna | |
| 700 | 1 | _aYu, Andrew B.c. | |
| 942 | _2ddc | ||
| 999 |
_c20089 _d20061 |
||